[Event "Regionalliga SW 1011"]
[Site "Bayern"]
[Date "2010.11.14"]
[Round "3.5"]
[White "Wlokka, Clemens"]
[Black "Wiechmann, Gernot"]
[Result "1-0"]
[WhiteElo "1907"]
[BlackElo "1971"]
[PlyCount "113"]
[EventDate "2010.10.10"]
[EventType "team-tourn"]
[EventRounds "9"]
[EventCountry "GER"]
[SourceTitle "EXT 2012"]
[Source "ChessBase"]
[SourceDate "2011.11.24"]
[SourceVersion "1"]
[SourceVersionDate "2011.11.24"]
[SourceQuality "1"]
[WhiteTeam "Goeggingen"]
[BlackTeam "Sonthofen"]
[WhiteTeamCountry "GER"]
[BlackTeamCountry "GER"]

1. Nc3 d5 2. d4 Nf6 3. Nf3 e6 4. Bg5 Be7 5. e3 0-0 6. Bd3 Nbd7 7. Ne2 c5 8. c3 h6 9. Bf4 Nh5 10. g4 Nxf4 11. Nxf4 Bd6 12. h4 cxd4 13. cxd4 e5 14. Nxd5 exd4 15. Nxd4 Qa5+ 16. Nc3 Ne5 17. g5 h5 18. Bc2 Bb4 19. 0-0 Bxc3 20. bxc3 g6 21. Bb3 Qxc3 22. Rc1 Qa5 23. f4 Ng4 24. Qd3 Kh7 25. f5 Bd7 26. Ne6 Bxe6 27. fxe6 Qe5 28. Rf4 Nxe3 29. Qe4 Qxe4 30. Rxe4 Nf5 31. Rc7 Kg7 32. e7 Rfe8 33. Ba4 Nd6 34. Bxe8 Nxe4 35. Ba4 Nd6 36. Rd7 Re8 37. Rxb7 Rc8 38. Rxa7 Rc4 39. e8Q Nxe8 40. Bxe8 Rxh4 41. Rxf7+ Kg8 42. Rf6 Re4 43. Bxg6 Rg4+ 44. Kh2 Rxg5 45. Bf7+ Kg7 46. Rf2 Rg4 47. Be8 Kh6 48. a4 Re4 49. Bb5 Kg5 50. Ra2 Rh4+ 51. Kg1 Rb4 52. Bc6 Rc4 53. Bg2 Kf4 54. Ra3 Ke5 55. a5 Rc7 56. a6 Ra7 57. Bb7 1-0

[Event "Regionalliga SW 0809"]
[Site "Bayern"]
[Date "2009.03.29"]
[Round "9.7"]
[White "Wiechmann, Gernot"]
[Black "Amelang, Thomas"]
[Result "0-1"]
[WhiteElo "1987"]
[BlackElo "2064"]
[PlyCount "82"]
[EventDate "2008.10.05"]
[EventType "team-tourn"]
[EventRounds "9"]
[EventCountry "GER"]
[SourceTitle "EXT 2020"]
[Source "ChessBase"]
[SourceDate "2019.10.17"]
[SourceVersion "1"]
[SourceVersionDate "2019.10.17"]
[SourceQuality "1"]
[WhiteTeam "Sonthofen"]
[BlackTeam "Muenchen Siemens"]
[WhiteTeamCountry "GER"]
[BlackTeamCountry "GER"]

1. e4 g6 2. d4 Bg7 3. c4 c5 4. Nf3 Qb6 5. dxc5 Qxc5 6. Be2 Nf6 7. Nc3 Nc6 8. 0-0 0-0 9. Be3 Qa5 10. h3 d6 11. a3 Qc7 12. Rc1 b6 13. Nd2 Bb7 14. f4 Rac8 15. g4 h6 16. Qe1 Nh7 17. Qf2 Qd7 18. Bd3 e6 19. Nf3 Na5 20. Nb5 Nb3 21. Nxa7 Nxc1 22. Rxc1 Ra8 23. Bxb6 Ba6 24. Nb5 Rfc8 25. Rd1 d5 26. exd5 exd5 27. Be2 Bb7 28. b3 Nf6 29. Ne5 Qe7 30. Bf3 Ra6 31. cxd5 Nxd5 32. Bxd5 Bxd5 33. Rxd5 Qb7 34. Rc5 Rxc5 35. Qxc5 Qxb6 36. Qxb6 Rxb6 37. a4 Bxe5 38. fxe5 Re6 39. Nd6 Rxe5 40. b4 Rd5 41. Nb5 Rd1+ 0-1

[Event "Regionalliga SW 0809"]
[Site "Bayern"]
[Date "2008.10.05"]
[Round "1.7"]
[White "Erler, Mark"]
[Black "Wiechmann, Gernot"]
[Result "0-1"]
[WhiteElo "2018"]
[BlackElo "1987"]
[PlyCount "62"]
[EventDate "2008.10.05"]
[EventType "team-tourn"]
[EventRounds "9"]
[EventCountry "GER"]
[SourceTitle "EXT 2020"]
[Source "ChessBase"]
[SourceDate "2019.10.17"]
[SourceVersion "1"]
[SourceVersionDate "2019.10.17"]
[SourceQuality "1"]
[WhiteTeam "Tuerkheim"]
[BlackTeam "Sonthofen"]
[WhiteTeamCountry "GER"]
[BlackTeamCountry "GER"]

1. d4 Nf6 2. c4 e6 3. g3 d5 4. Bg2 Be7 5. Nf3 0-0 6. Qc2 c6 7. Nbd2 Nbd7 8. 0-0 Re8 9. b3 Bd6 10. Rd1 e5 11. dxe5 Nxe5 12. cxd5 cxd5 13. Bb2 Bg4 14. Bd4 Nc6 15. Be3 Rc8 16. Qb2 Qe7 17. a3 h6 18. h3 Bf5 19. Nd4 Nxd4 20. Bxd4 Rc2 21. Bxf6 gxf6 22. Qd4 Be5 23. Qxd5 Rd8 24. Qf3 Bg6 25. Ne4 Bxa1 26. Rxa1 f5 27. Nc3 Qe5 28. Rd1 Rxd1+ 29. Nxd1 Rc1 30. e4 fxe4 31. Qg4 Qd4 0-1

[Event "Regionalliga SW 0708"]
[Site "Bayern"]
[Date "2007.11.04"]
[Round "2.6"]
[White "Wiechmann, Gernot"]
[Black "Heusler, Juergen"]
[Result "1-0"]
[WhiteElo "1988"]
[BlackElo "1932"]
[PlyCount "93"]
[EventDate "2007.10.21"]
[EventType "team-tourn"]
[EventRounds "9"]
[EventCountry "GER"]
[SourceTitle "EXT 2009"]
[Source "ChessBase"]
[SourceDate "2008.11.26"]
[SourceVersion "1"]
[SourceVersionDate "2008.11.26"]
[SourceQuality "1"]
[WhiteTeam "Sonthofen"]
[BlackTeam "Muenchen Siemens"]
[WhiteTeamCountry "GER"]
[BlackTeamCountry "GER"]

1. d4 d5 2. c4 e6 3. Nc3 Nf6 4. Bg5 Be7 5. e3 0-0 6. Nf3 b6 7. Bd3 Bb7 8. 0-0 Nbd7 9. Rc1 c5 10. a3 dxc4 11. Bxc4 a6 12. a4 h6 13. Bh4 Ne4 14. Bxe7 Qxe7 15. Bd3 Ndf6 16. Nxe4 Nxe4 17. Qc2 f5 18. Ne5 Rac8 19. Ng6 Qg5 20. Nxf8 Nd2 21. e4 Nxf1 22. Nxe6 Ne3 23. Nxg5 Nxc2 24. Bc4+ Kf8 25. Ne6+ Ke7 26. Rxc2 Bxe4 27. Rc3 cxd4 28. Nxd4 Rd8 29. f3 Rxd4 30. fxe4 Rxe4 31. b3 a5 32. Kf2 Rd4 33. Rd3 Rf4+ 34. Rf3 Rh4 35. Rxf5 Rxh2 36. Rb5 Rh4 37. Rxb6 Rh5 38. Rb5 Rxb5 39. Bxb5 Ke6 40. Ke3 Ke5 41. Kd3 h5 42. Be8 h4 43. Kc4 g5 44. Kb5 g4 45. Kxa5 Kd6 46. Kb6 g3 47. Bc6 1-0

[Event "Regionalliga SW 0506"]
[Site "Bayern"]
[Date "2006.03.12"]
[Round "8.7"]
[White "Wiechmann, Gernot"]
[Black "Heinrich, Helmut1"]
[Result "1-0"]
[WhiteElo "1967"]
[BlackElo "1998"]
[PlyCount "79"]
[EventDate "2005.10.23"]
[EventType "team-tourn"]
[EventRounds "9"]
[EventCountry "GER"]
[SourceTitle "EXT 2007"]
[Source "ChessBase"]
[SourceDate "2006.11.23"]
[SourceVersion "1"]
[SourceVersionDate "2006.11.23"]
[SourceQuality "1"]

1. e4 Nf6 2. e5 Nd5 3. d4 d6 4. c4 Nb6 5. f4 dxe5 6. fxe5 Nc6 7. Be3 Bf5 8. Nc3 Qd7 9. Nf3 Bg4 10. Qd2 0-0-0 11. 0-0-0 Bxf3 12. gxf3 Qe6 13. Qe2 Qd7 14. f4 e6 15. d5 Na5 16. dxe6 Qxe6 17. Rxd8+ Kxd8 18. Qd3+ Qd7 19. Bxb6 axb6 20. Nd5 Ke8 21. Bh3 Qc6 22. Rd1 f5 23. b3 Ba3+ 24. Kb1 g6 25. Bg2 Kf8 26. Ne3 Qe8 27. Qc3 Be7 28. e6 Rg8 29. Rd7 Rg7 30. Nd5 Nc6 31. Nxc7 Qc8 32. Nd5 Kg8 33. Nxb6 Qb8 34. Nd5 g5 35. Nf6+ Kf8 36. Nh5 Rg8 37. Qd3 Nd8 38. Qxf5+ Ke8 39. Nf6+ Bxf6 40. Qxf6 1-0

[Event "Regionalliga SW 0506"]
[Site "Bayern"]
[Date "2005.11.13"]
[Round "2.7"]
[White "Haas, Peter"]
[Black "Wiechmann, Gernot"]
[Result "1/2-1/2"]
[WhiteElo "1997"]
[BlackElo "1967"]
[PlyCount "41"]
[EventDate "2005.10.23"]
[EventType "team-tourn"]
[EventRounds "9"]
[EventCountry "GER"]
[SourceTitle "EXT 2007"]
[Source "ChessBase"]
[SourceDate "2006.11.23"]
[SourceVersion "1"]
[SourceVersionDate "2006.11.23"]
[SourceQuality "1"]

1. e4 c5 2. Nf3 d6 3. d4 cxd4 4. Qxd4 Bd7 5. Bg5 Nc6 6. Qd2 Nf6 7. Nc3 h6 8. Bxf6 gxf6 9. 0-0-0 Qa5 10. Kb1 Rc8 11. Nd4 Nxd4 12. Qxd4 Bg7 13. f4 0-0 14. f5 Qc5 15. Qd2 Bc6 16. h4 Qe5 17. Qe1 e6 18. Bd3 exf5 19. exf5 Qxe1 20. Rhxe1 Rfe8 21. Nb5 1/2-1/2

[Event "Regionalliga SW 9495"]
[Site "Bayern"]
[Date "1994.??.??"]
[Round "?.7"]
[White "Wollsdorf, Friedrich"]
[Black "Wiechmann, Gernot"]
[Result "0-1"]
[WhiteElo "1800"]
[BlackElo "1950"]
[PlyCount "88"]
[EventDate "1994.10.??"]
[EventType "team-tourn"]
[EventRounds "9"]
[EventCountry "GER"]
[SourceTitle "EXT 1999"]
[Source "ChessBase"]
[SourceDate "1998.11.16"]
[SourceVersion "1"]
[SourceVersionDate "1998.11.16"]
[SourceQuality "1"]
[WhiteTeam "Heimertingen"]
[BlackTeam "Sonthofen"]
[WhiteTeamCountry "GER"]
[BlackTeamCountry "GER"]

1. d4 Nf6 2. Nd2 d5 3. e3 e6 4. Bd3 c5 5. c3 Nc6 6. f4 Bd7 7. Qe2 Rc8 8. Ngf3 a6 9. 0-0 b5 10. Ne5 g6 11. g4 Bd6 12. Ndf3 Rc7 13. Bd2 Bc8 14. Be1 Ne4 15. Bh4 Be7 16. Bxe7 Qxe7 17. Nxc6 Rxc6 18. Ne5 Rc7 19. g5 Nd6 20. Ng4 Bb7 21. Nf6+ Kd8 22. dxc5 Rxc5 23. Rfd1 Ne8 24. Ng4 Qc7 25. Rac1 Ke7 26. b4 Rc6 27. Qb2 Rf8 28. Ne5 Rb6 29. Qa3 Nd6 30. Rc2 Rd8 31. Ra1 Nc4 32. Bxc4 dxc4 33. Qc1 Rd5 34. Nf3 Rbd6 35. Qf1 Qc6 36. Rf2 Rd3 37. Re1 Qe4 38. Kg2 Rxe3 39. Rxe3 Qxe3 40. Kg3 Rd3 41. Kg4 Rxc3 42. Ne1 Be4 43. Kh4 Bf5 44. Rf3 Qxe1+ 0-1